U.S. Cities Separated By Rivers - Statistics

General Stats
  • This quiz has been taken 974 times
  • The average score is 7 of 10
Answer Stats
River City #1 Across the River % Correct
Potomac Alexandria Washington D.C.
94%
Rio Grande Ciudad Juarez (Mex.) El Paso
91%
Hudson Hoboken New York City
91%
Detroit Windsor (Can.) Detroit
77%
Delaware Camden Philadelphia
73%
Ohio Covington Cincinnati
69%
Columbia Vancouver (WA) Portland
67%
Rio Grande Reynosa (Mex.) McAllen
45%
Missouri Council Bluffs Omaha
45%
Red Bossier City Shreveport
24%
No matching quizzes found
Score Distribution
Percent of People with Each Score
Percentile by Number Answered
Your Score History
You have not taken this quiz